Регионална библиотека "Любен Каравелов" - Русе

Правни разпоредби на Европейския съюз относно социалната закрила (Запис номер 21576)

MARC детайли
000 -Лидер
Контролно поле с фиксирана дължина nam a22 a 4500
003 - Код на организацията, давaща контролен номер
Контролно поле BLK
005 - Дата и час на последна редакция
Контролно поле 20210201133801.0
008 - Елементи от данни с фиксирана дължина
fixed length control field 180413b bul|||||r ||||||| ||bul||
010 ## - Наследен системен номер
LC control number KNG00023863000
020 ## - Международен стандартен номер на книга ISBN
Международен стандартен номер на книга ISBN 954-730-004-0
040 ## - Източник на каталожния запис
Идентификатор на билиотеката - собственик на записа BLK
041 ## - Код за език
Код за езика на текст/звукозапис или на отделно заглавие Български
Код за езика КДБФ Български
Други езици Английски
080 ## - УДК
УДК код - определител по УДК 349.2/.3
УДК определител (4)
УДК - код + определител 349.2/.3(4)
080 ## - УДК
Текстов определител УДК Социални грижи. Социално осигуряване. Застрахователно дело. Вж и 061;172;316;304;308;311;34;37;614. 8
УДК код - определител по УДК 36
УДК определител (4)
УДК - код + определител 36(4)
139 ## - Редно поле
Редна дума Европейски съюз
Авторски знак Правилн - П 84
245 10 - Сведения за заглавието
Заглавие Правни разпоредби на Европейския съюз относно социалната закрила
Подзаглавни данни Т. 1 - 3
Том Т. 3
246 11 - Различни форми на заглавието
Паралелно заглавие EU instruments in the area of social protection
260 ## - Област на издателските данни
Име на издателя, разпространителя и проч. Сиби
Година на издаване 1998
Място на издаване, разпространение и проч. София
300 ## - Физическа характеристика
Размери/Мащаб 29 см
380 ## - Жанр
Жанр Обществени науки
650 #4 - Допълнително описание по предмет – тема
Основно описание – тема или топоним Социално право - Европа
9 (RLIN) 265773
650 #4 - Допълнително описание по предмет – тема
Основно описание – тема или топоним Трудово право - Европа
9 (RLIN) 265774
650 #4 - Допълнително описание по предмет – тема
Основно описание – тема или топоним Обществено осигуряване - Европа - правни въпроси
9 (RLIN) 265775
653 ## - Ключова дума – ненормативна
Ключова дума Европейски съюз
659 ## - Тематичен бюлетин
Тематичен бюлетин Е
760 1# - Описание на основната серия
Страници - том 282 c.
Заглавие Т. 3
852 ## - Местоположение
Форматна сигнатура Цб ІІ 9888
856 4# - Електронен адрес и достъп
Електронен формат pdf - файл
Път до файла /url/
856 4# - Електронен адрес и достъп
Електронен формат pdf - файл
Път до файла /url/
999 ## - СИСТЕМНИ КОНТРОЛНИ НОМЕРА
Koha biblionumber 21576
Koha biblioitemnumber 21576
942 ## - АРТИКУЛИ
Вид на библиотечния материал Книги
Скрит в OPAC Не
Периодичен библиозапис Да
944 ## - СЪЗДАВАНЕ И РЕДАКЦИЯ на ЗАПИСА
Създаване/Редакция Създаване
Дата на регистрацията/редакция 08.05.2003
Служител, извършил регистрацията/редакцията Кети_Илиева
944 ## - СЪЗДАВАНЕ И РЕДАКЦИЯ на ЗАПИСА
Създаване/Редакция Редакция
Дата на регистрацията/редакция 10.06.2005
999 ## - СИСТЕМНИ КОНТРОЛНИ НОМЕРА
Koha biblioitemnumber 21576
Наличности
Код за отписване Код за изгубен артикул Източник на класификационната схема Код за повреда Коз за рестрикции Код за отдаване Артикулен № Име на библиотеката - собственик Име на библиотеката, в която се намира в момента Статус (Текущо местоположение) Дата на вписване в системата Местоположение - отдел Цена в лева Инвентарен номер Систематично азбучна сигнатура Баркод Номер на екземпляра Цена в евро Служебен тип на артикула Служебна бележка
  Не е изгубен Universal Decimal Classification Не е повреден само за читалня ползва се в читалня 35631 Регионална библиотека "Любен Каравелов" Русе Регионална библиотека "Любен Каравелов" Русе Хранилище 2001-01-01 Хранилище 0.00 643807 Цб II 9888 120000643807 1 0.00 Книги  
Изтеглен Не е изгубен Universal Decimal Classification Не е повреден без рестрикции ползва се в читалня 35632 Регионална библиотека "Любен Каравелов" Русе Регионална библиотека "Любен Каравелов" Русе Читалня 1998-01-01 Читалня 0.01 642991 Ч 349/П 84 642991 2 0.01 Книги Дост: Pk Вид: Ф N: стар фонд Дата: 01.01.1998 Дата инв: 14.03.2017 Бележки инв: Ч2017
Vip Innovations Ltd, Rousse, Bulgaria 2025